01016cas a2200313 a 450000100090000000300050000900500170001400800410003101000170007203500240008904000510011304200080016404300120017205000260018408200140021013000360022424500190026024600200027924600320029926000580033130000580038931000130044736200440046050000200050465100410052465100360056571000380060178000630063917845973PILC20150826090515.0130809c20059999at gr 0 a0eng c a 2009260064 a(OCoLC)ocm58834110  aWMabengcWMadOCoLCdIdBdOrUdMHdOCLCOdDLC apcc aa-io---00aDS 647.B2b.B294 200104a915.986040 aBali & Lombok (Footscray, Vic.)10aBali & Lombok.13aBali and Lombok13aLonely Planet Bali & Lombok aFootscray, Vic. :bLonely Planet Publications,c2001. a464pages :bcolor illustrations, color maps ;c20 cm. aBiennial1 aBegan with 10th ed., published in 2005. aIncludes index. 0aBali Island (Indonesia)vGuidebooks. 0aLombok (Indonesia)vGuidebooks.2 aLonely Planet Publications (Firm)00tBali (Footscray, Vic.)w(DLC) 2009260063w(OCoLC)51820424